| 000 | 00383nam a22001577a 4500 | ||
|---|---|---|---|
| 999 |
_c9223 _d9223 |
||
| 003 | OSt | ||
| 008 | 201119b ||||| |||| 00| 0 eng d | ||
| 020 | _a9789387788329 | ||
| 100 | _aKalsi, P.S | ||
| 245 | _aStereochmistry Conformation and Mechanism | ||
| 250 | _a10th Ed.. | ||
| 260 |
_aNew Delhi _bNew Age _c2020 |
||
| 300 | _a658 | ||
| 650 | _aB.Sc. Non Medical | ||
| 942 |
_2ddc _cBK |
||